Most Valuable Sports Teams - Statistics

General Stats
  • This quiz has been taken 258 times
    122 since last reset
  • The average score is 29 of 50
Answer Stats
Value (billions USD) Team % Correct
5.5 Los Angeles Lakers
89%
6.0 New York Yankees
87%
8.0 Dallas Cowboys
78%
6.0 New York Giants
78%
3.5 San Francisco Giants
77%
6.4 New England Patriots
76%
3.9 Boston Red Sox
71%
4.6 Manchester United
71%
5.1 Real Madrid
71%
5.1 FC Barcelona
70%
3.55 Boston Celtics
67%
4.25 Green Bay Packers
67%
4.25 Manchester City
67%
5.4 New York Jets
66%
6.2 Los Angeles Rams
64%
5.8 Chicago Bears
62%
5.2 San Francisco 49ers
62%
5.6 Washington Commanders
62%
3.27 Arizona Cardinals
60%
3.65 Chicago Bulls
60%
3.7 Kansas City Chiefs
60%
4.6 Miami Dolphins
60%
4.275 Bayern Munich
59%
4.45 Liverpool
58%
5.8 New York Knicks
58%
4.9 Philadelphia Eagles
58%
5.6 Golden State Warriors
57%
4.075 Los Angeles Dodgers
57%
3.2 Paris Saint-Germain
56%
3.975 Pittsburgh Steelers
56%
3.1 Chelsea
55%
3.675 Tampa Bay Buccaneers
55%
5.1 Las Vegas Raiders
54%
3.875 Los Angeles Chargers
53%
3.3 Los Angeles Clippers
53%
4.5 Seattle Seahawks
53%
3.85 Cleveland Browns
52%
3.925 Minnesota Vikings
51%
3.9 Baltimore Ravens
49%
4.65 Denver Broncos
49%
4.0 Atlanta Falcons
48%
3.8 Chicago Cubs
47%
3.4 Buffalo Bills
45%
3.6 Carolina Panthers
45%
3.475 Jacksonville Jaguars
45%
3.2 Brooklyn Nets
44%
4.7 Houston Texans
44%
3.575 New Orleans Saints
43%
3.8 Indianapolis Colts
41%
3.5 Tennessee Titans
38%
No matching quizzes found
Score Distribution
Percent of People with Each Score
Percentile by Number Answered
Your Score History
You have not taken this quiz since the last reset